000 00405nam a2200181Ia 4500
005 20240823033500.0
008 240823s9999||||xx |||||||||||||| ||und||
041 _aENGLISH
082 _A803. Q0
100 _aPuliyurk Kesigan
245 0 _aInguru Nooru
250 _a1st
260 _c2010
_bGangai Puthaga Ni
500 _aYES
650 _aTamil Books
_bGeneral
942 _cBK
999 _c195923
_d195923